[Event "FINAL MISTRZOSTW POLSKI JUNIOROW 2018 - GRUPA  D18"]
[Site "Jastrzebia Gora"]
[Date "1899-12-30"]
[Round "7.13"]
[White "Kostecka, Marika"]
[Black "Pedrak, Paulina"]
[Result "1-0"]
[WhiteTitle "k"]
[BlackTitle "I"]
[WhiteElo "1975"]
[BlackElo "1446"]

1. e4 c5 2. Nf3 e6 3. d4 cxd4 4. Nxd4 Nc6 5. Nxc6 bxc6 6. c4 Nf6 7. Bd3 Qc7 8.
O-O d5 9. Nc3 d4 10. Ne2 c5 11. f4 e5 12. f5 Bb7 13. Re1 Be7 14. Ng3 h5 15. h3
h4 16. Nf1 Bc6 17. Rb1 Qb7 18. Qe2 g6 19. fxg6 fxg6 20. Nh2 O-O-O 21. Bd2 Nh5
22. a3 Qb3 23. Nf1 Rdf8 24. Rec1 Rxf1+ 25. Qxf1 Rf8 26. Qe2 Ng3 27. Qg4+ Bd7 28.
Bc2 Qxc4 29. Qxg6 Ne2+ 30. Kh2 Nxc1 31. Rxc1 Rf2 32. Bd1 Qb5 33. Qg8+ Kb7 34.
Qd5+ Bc6 35. Qxe5 Bd8 36. Bf4 Qxb2 37. Rb1 Rxg2+ 38. Kh1 Rh2+ 39. Bxh2 Qxb1 40.
Qb8+ 1-0

[Event "FINAL MISTRZOSTW POLSKI JUNIOROW 2018 - GRUPA  D18"]
[Site "Jastrzebia Gora"]
[Date "1899-12-30"]
[Round "7.14"]
[White "Daliga, Anita"]
[Black "Winter, Anna"]
[Result "1/2-1/2"]
[WhiteTitle "I+"]
[BlackTitle "I++"]
[WhiteElo "1634"]
[BlackElo "1435"]

1. e4 e5 2. Nf3 Nc6 3. Bb5 a6 4. Ba4 Nf6 5. O-O Nxe4 6. Re1 Nc5 7. Bxc6 dxc6 8.
Nxe5 Ne6 9. Qf3 Qf6 10. Qxf6 gxf6 11. Nf3 Bd7 12. b3 Be7 13. Bb2 Rg8 14. d3 O-O-O
15. Nbd2 Rde8 16. Ne4 Nf4 17. g3 Nh3+ 18. Kf1 Ng5 19. Nfxg5 fxg5 20. Bf6 Bxf6
21. Nxf6 Rxe1+ 22. Rxe1 Rh8 23. Kg2 h6 24. Kf3 Be6 25. Ke3 Kd8 26. f4 Ke7 27.
Ne4 f5 28. Nc5 Bc8 29. d4 Kf6 30. Kf3 Rd8 31. Ke3 Re8+ 32. Kf2 Rd8 33. c3 Kf7
34. Nd3 Kf6 35. Ne5 Be6 36. Nf3 Bd5 37. Ne5 Be6 38. h3 a5 39. Nd3 b6 40. Ne5 Bd5
41. Nd3 c5 42. dxc5 Bxb3 43. axb3 Rxd3 44. cxb6 Ke5 1/2-1/2

[Event "FINAL MISTRZOSTW POLSKI JUNIOROW 2018 - GRUPA  D18"]
[Site "Jastrzebia Gora"]
[Date "1899-12-30"]
[Round "7.15"]
[White "Tkaczyk, Weronika"]
[Black "Surpeta, Julia"]
[Result "0-1"]
[WhiteTitle "I++"]
[BlackTitle "I"]
[WhiteElo "1500"]
[BlackElo "1590"]

1. Nf3 d5 2. g3 Bg4 3. Bg2 Nd7 4. d4 e6 5. O-O h6 6. b3 Ngf6 7. Nbd2 Be7 8. c4
c6 9. Re1 Bf5 10. a4 O-O 11. Ba3 b6 12. e3 c5 13. Qc1 Rc8 14. Qb2 Re8 15. Rac1
a5 16. Red1 Bd6 17. Ne5 Bxe5 18. dxe5 Ng4 19. cxd5 Ngxe5 20. Qc3 exd5 21. Bxd5
Qf6 22. Nc4 Bg4 23. Nd6 Bxd1 24. Nxc8 Bh5 25. Na7 Qf5 26. Bb2 Nf6 27. Bg2 Nd3
28. Rc2 Ne5 29. Nb5 Nf3+ 30. Kh1 Rd8 31. Rc1 Rd3 32. Qc2 Bg4 33. Rd1 Qh5 34. h4
Rxd1+ 35. Qxd1 Ne4 36. Qc2 Qf5 37. Nc3 Nxg3+ 38. fxg3 Qxc2 0-1

[Event "FINAL MISTRZOSTW POLSKI JUNIOROW 2018 - GRUPA  D18"]
[Site "Jastrzebia Gora"]
[Date "1899-12-30"]
[Round "8.1"]
[White "Kaczmarska, Joanna"]
[Black "Kiolbasa, Oliwia"]
[Result "0-1"]
[WhiteTitle "k"]
[BlackTitle "WIM"]
[WhiteElo "1979"]
[BlackElo "2170"]

1. e4 e5 2. Nf3 Nc6 3. Bb5 a6 4. Ba4 Nf6 5. O-O Be7 6. Re1 b5 7. Bb3 d6 8. c3 O-O
9. h3 Bb7 10. d3 Na5 11. Bc2 c5 12. Nbd2 Re8 13. Nf1 Bf8 14. Bg5 h6 15. Bh4 Be7
16. Ne3 Nh7 17. Bg3 Ng5 18. Nd2 Ne6 19. a3 Bf8 20. Bh2 Rc8 21. g3 Nc7 22. Qe2
d5 23. Ng2 Ne6 24. f4 exf4 25. gxf4 dxe4 26. dxe4 c4 27. Rad1 Qb6+ 28. Kh1 Nc5
29. Qf2 Qc6 30. Re3 Rcd8 31. Rde1 Nd3 32. Bxd3 cxd3 33. Rg3 Nc4 34. Nxc4 Qxc4
35. e5 d2 36. Rd1 Bc5 37. Re3 Bxe3 38. Qxe3 Qd5 39. Qe2 Qd3 40. Qxd3 Rxd3 41.
Kg1 Bf3 0-1

[Event "FINAL MISTRZOSTW POLSKI JUNIOROW 2018 - GRUPA  D18"]
[Site "Jastrzebia Gora"]
[Date "1899-12-30"]
[Round "8.2"]
[White "Guzik, Natalia"]
[Black "Antolak, Julia"]
[Result "0-1"]
[WhiteTitle "I++"]
[BlackTitle "WFM"]
[WhiteElo "1655"]
[BlackElo "2185"]

1. e4 e5 2. Bc4 Nf6 3. d3 c6 4. Nf3 d5 5. Bb3 a5 6. a4 Bb4+ 7. c3 Bd6 8. Nbd2 O-O
9. h3 Nbd7 10. O-O Re8 11. Re1 Nf8 12. Nf1 h6 13. Ng3 Ng6 14. Nf5 Bc5 15. Bc2
Qb6 16. Ne3 dxe4 17. dxe4 Be6 18. Qe2 Rad8 19. Bd2 Nh5 20. b4 Nhf4 21. Qf1 axb4
22. a5 Qc7 23. cxb4 Be7 24. Bc3 Nh4 25. Nxh4 Bxh4 26. Nf5 Bxf5 27. exf5 Nd5 28.
Bd2 Qe7 29. Qc4 Bg5 30. Bxg5 Qxg5 31. Qe4 Nf4 32. Qf3 Rd2 33. Be4 Red8 34. Rad1
Nxh3+ 35. Kh2 Rxd1 36. Rxd1 Rxd1 37. Qxd1 Nxf2 38. Qf3 Qh4+ 39. Kg1 Nxe4 40. g4
Qe1+ 0-1

[Event "FINAL MISTRZOSTW POLSKI JUNIOROW 2018 - GRUPA  D18"]
[Site "Jastrzebia Gora"]
[Date "1899-12-30"]
[Round "8.3"]
[White "Szelag, Zuzanna"]
[Black "Frej, Zofia"]
[Result "0-1"]
[WhiteTitle "I++"]
[BlackTitle "k"]
[WhiteElo "1888"]
[BlackElo "2006"]

1. e4 c5 2. Nf3 e6 3. d4 cxd4 4. Nxd4 a6 5. Bd3 Qc7 6. O-O Nf6 7. Qe2 d5 8. e5
Nfd7 9. f4 Nc6 10. Be3 Nc5 11. c3 Nxd3 12. Qxd3 Bd7 13. Rf2 Be7 14. Nd2 Nxd4 15.
Bxd4 O-O 16. Qe3 Rac8 17. Nb3 Ba4 18. Bb6 Qc6 19. Na5 Qd7 20. b3 Bc6 21. Rd1 Bd8
22. Nc4 Bb5 23. Nd6 Rxc3 24. Qxc3 Bxb6 25. Nxb5 Qxb5 26. Rc1 Qe2 27. Qf3 Qxa2
28. b4 Qb2 29. Rcf1 Qxb4 30. Kh1 Bxf2 31. Qxf2 Qc3 32. h3 Rc8 33. Qb6 Qc6 34.
Qb2 b5 35. Ra1 h6 36. Qa3 Qb6 37. Qxa6 Qxa6 38. Rxa6 Rb8 39. Ra3 b4 40. Rb3 Kf8
41. Kg1 Ke7 42. Kf2 Kd7 43. Ke3 Kc6 44. Kd4 Kb5 0-1

[Event "FINAL MISTRZOSTW POLSKI JUNIOROW 2018 - GRUPA  D18"]
[Site "Jastrzebia Gora"]
[Date "1899-12-30"]
[Round "8.4"]
[White "Leczek, Weronika"]
[Black "Cieslak, Wiktoria"]
[Result "1-0"]
[WhiteTitle "k"]
[BlackTitle "k++"]
[WhiteElo "1831"]
[BlackElo "1810"]

1. e4 c5 2. Nf3 d6 3. d4 Nf6 4. Nc3 cxd4 5. Nxd4 a6 6. h4 e5 7. Nb3 Be6 8. f4 exf4
9. Bxf4 Nc6 10. Qd2 Ne5 11. O-O-O Qc7 12. Nd5 Nxd5 13. exd5 Bf5 14. Nd4 Be4 15.
Re1 Bxd5 16. Bxe5 dxe5 17. Nb5 axb5 18. Qxd5 Bd6 19. Bxb5+ Kf8 20. Rhf1 g6 21.
Rf6 Bc5 22. Bc4 Kg7 23. Rxf7+ Qxf7 24. Qxf7+ Kh6 25. g4 Raf8 26. g5+ Kh5 27. Qd5
Bf2 28. Qg2 1-0

[Event "FINAL MISTRZOSTW POLSKI JUNIOROW 2018 - GRUPA  D18"]
[Site "Jastrzebia Gora"]
[Date "1899-12-30"]
[Round "8.5"]
[White "Parol, Pola"]
[Black "Karykowska, Anna"]
[Result "1-0"]
[WhiteTitle "k++"]
[BlackTitle "k"]
[WhiteElo "1917"]
[BlackElo "1950"]

1. e4 c5 2. Nf3 Nc6 3. d4 cxd4 4. Nxd4 e6 5. Nc3 a6 6. Be2 d6 7. O-O Bd7 8. Be3
Nf6 9. f4 Be7 10. Kh1 O-O 11. Qe1 b5 12. a3 Nxd4 13. Bxd4 Bc6 14. Qg3 Ne8 15.
Rad1 Qc7 16. Bd3 f5 17. exf5 exf5 18. Rfe1 g6 19. a4 Rb8 20. axb5 axb5 21. Re6
Bd8 22. Rde1 Ng7 23. R6e3 Qb7 24. R1e2 Ra8 25. Qe1 Nh5 26. Qf1 b4 27. Nd1 Ra1
28. b3 Rxd1 29. Qxd1 Nxf4 30. Bc4+ d5 31. Bd3 Nxe2 32. Qxe2 Bg5 33. Re6 Qd7 34.
Qe5 Kf7 35. Rd6 Qe7 36. Qxe7+ Bxe7 37. Rxc6 Re8 38. g3 1-0

[Event "FINAL MISTRZOSTW POLSKI JUNIOROW 2018 - GRUPA  D18"]
[Site "Jastrzebia Gora"]
[Date "1899-12-30"]
[Round "8.6"]
[White "Dwilewicz, Agata"]
[Black "Buchta, Agnieszka"]
[Result "1/2-1/2"]
[WhiteTitle "k"]
[BlackTitle "I++"]
[WhiteElo "1846"]
[BlackElo "1762"]

1. e4 e5 2. Nf3 Nc6 3. Bc4 Nf6 4. d3 Be7 5. O-O O-O 6. Nbd2 d6 7. c3 Kh8 8. Re1
Na5 9. Bb5 a6 10. Ba4 b5 11. Bc2 c5 12. Nf1 Nc6 13. Ne3 g6 14. a4 Bb7 15. h3 Kg8
16. Bb3 Rc8 17. Nd5 Nxd5 18. Bxd5 Bf6 19. Bh6 Bg7 20. Qd2 Na5 21. Bxg7 Kxg7 22.
Bxb7 Nxb7 23. d4 Na5 24. Qe2 cxd4 25. axb5 dxc3 26. bxc3 axb5 27. Qxb5 Rc5 28.
Qb4 Nc6 29. Qb3 Na5 30. Qb4 Nc6 1/2-1/2

[Event "FINAL MISTRZOSTW POLSKI JUNIOROW 2018 - GRUPA  D18"]
[Site "Jastrzebia Gora"]
[Date "1899-12-30"]
[Round "8.7"]
[White "Trusz, Julia"]
[Black "Krzywnicka, Maria"]
[Result "1/2-1/2"]
[WhiteTitle "I+"]
[BlackTitle "I++"]
[WhiteElo "1696"]
[BlackElo "1861"]

1. e4 c5 2. Nf3 d6 3. Bb5+ Bd7 4. Bxd7+ Qxd7 5. c4 Nf6 6. Nc3 g6 7. O-O Bg7 8.
d4 cxd4 9. Nxd4 O-O 10. f3 Nc6 11. Nde2 Rfc8 12. Be3 Qd8 13. Rc1 Nd7 14. b3 a6
15. Kh1 b5 16. cxb5 axb5 17. Nxb5 Rxa2 18. Nbc3 Raa8 19. Nd5 e6 20. Ndc3 Nde5
21. Nb5 d5 22. exd5 exd5 23. Qd2 Ne7 24. Ned4 N5c6 25. Rfd1 Nxd4 26. Bxd4 Rxc1
27. Rxc1 Nf5 28. Bxg7 Kxg7 29. Nd4 Qf6 30. Nxf5+ Qxf5 31. Qd4+ 1/2-1/2

[Event "FINAL MISTRZOSTW POLSKI JUNIOROW 2018 - GRUPA  D18"]
[Site "Jastrzebia Gora"]
[Date "1899-12-30"]
[Round "8.8"]
[White "Krzysztynska, Anna"]
[Black "Wojcik, Jagoda"]
[Result "1-0"]
[WhiteTitle "I"]
[BlackTitle "I++"]
[WhiteElo "1759"]
[BlackElo "1670"]

1. e4 c5 2. c3 d5 3. exd5 Qxd5 4. d4 e6 5. Nf3 Nf6 6. Bd3 c4 7. Bc2 Bd6 8. Be3
O-O 9. Nbd2 Nbd7 10. O-O b5 11. a4 a6 12. axb5 axb5 13. Rxa8 Qxa8 14. Qe2 Nd5
15. Ne4 Be7 16. Bd2 Qa2 17. Bg5 f6 18. Nd6 e5 19. Qe4 Bxd6 20. Qxd5+ Kh8 21. Qxd6
fxg5 22. Nxe5 Qa7 23. Qe7 Rf6 24. Nxd7 Qxd7 25. Re1 Kg8 26. Qe8+ Qxe8 27. Rxe8+
Rf8 28. Bxh7+ Kf7 29. Bg6+ Kg8 30. f3 Bd7 31. Rxf8+ Kxf8 32. d5 Ke7 33. Kf2 Kd6
34. Be4 Ke5 35. Ke3 Bc8 36. g3 Kd6 37. Kd4 Bd7 38. Bg6 Ke7 39. Kc5 Kf6 40. Kd6
Bh3 41. Be8 Bg2 42. Bxb5 1-0

[Event "FINAL MISTRZOSTW POLSKI JUNIOROW 2018 - GRUPA  D18"]
[Site "Jastrzebia Gora"]
[Date "1899-12-30"]
[Round "8.9"]
[White "Przepiora, Anna"]
[Black "Kindler, Karolina"]
[Result "1-0"]
[WhiteTitle "I"]
[BlackTitle "I++"]
[WhiteElo "1471"]
[BlackElo "1758"]

1. e4 d6 2. d4 g6 3. Nc3 Bg7 4. Be3 c6 5. a4 a5 6. Bc4 e6 7. Bb3 Ne7 8. Nge2 O-O
9. Qd2 d5 10. Bh6 Nd7 11. Bxg7 Kxg7 12. e5 b6 13. g4 Ba6 14. h4 b5 15. h5 Rh8
16. Nf4 b4 17. Nce2 c5 18. Qe3 Qc7 19. Nxe6+ fxe6 20. Qg5 Kf7 21. Nf4 cxd4 22.
Bxd5 Qxe5+ 23. Qxe5 Nxe5 24. Bxa8 Rxa8 25. hxg6+ hxg6 26. O-O-O Nxg4 27. Rxd4
e5 28. Rd7 Ke8 29. Rc7 Rc8 30. Rh8+ Kf7 31. Rhxc8 Bxc8 32. Nd5 Ke6 33. Nxe7 Bd7
34. Nxg6 Bxa4 35. f3 Ne3 36. b3 Nd5 37. Rc5 Be8 38. Nf8+ Kd6 39. Rxa5 Bh5 40.
Nh7 Bxf3 41. Ra6+ Kc5 42. Ng5 e4 43. Ne6+ Kb5 44. Ra8 Bg4 45. Rb8+ Kc6 46. Ng5
e3 47. Re8 Kc5 48. Re4 Bf5 49. Rc4+ Kb5 50. Nf3 Bh3 51. Nd4+ Kb6 52. Kd1 Bd7 53.
Ke1 Be8 54. Ne6 Bf7 55. Nf4 Nxf4 56. Rxf4 Bd5 57. Rxb4+ Kc5 58. Rf4 Bg8 59. Ke2
Bh7 60. Kxe3 Kd5 61. Ke4+ 1-0

[Event "FINAL MISTRZOSTW POLSKI JUNIOROW 2018 - GRUPA  D18"]
[Site "Jastrzebia Gora"]
[Date "1899-12-30"]
[Round "8.10"]
[White "Kostecka, Marika"]
[Black "Trybowska, Barbara"]
[Result "1-0"]
[WhiteTitle "k"]
[BlackTitle "I++"]
[WhiteElo "1975"]
[BlackElo "1757"]

1. e4 e5 2. Nf3 Nc6 3. Bb5 a6 4. Ba4 Nf6 5. O-O Be7 6. Re1 b5 7. Bb3 d6 8. c3 O-O
9. h3 Nb8 10. d4 Nbd7 11. c4 Bb7 12. Nc3 b4 13. Nd5 c5 14. dxe5 Nxe5 15. Nxe5
dxe5 16. f4 Nxd5 17. exd5 exf4 18. Bxf4 Bf6 19. Be5 Re8 20. Bxf6 Qxf6 21. Qd2
Rad8 22. Ba4 Re5 23. Rxe5 Qxe5 24. Re1 Qd6 25. Qe3 g6 26. Qe7 Qxe7 27. Rxe7 Bxd5
28. cxd5 Rxd5 29. Bb3 Rd4 30. Rc7 Rd2 31. Rxf7 Kh8 32. Rf2 Rd4 33. Rc2 Rd1+ 34.
Kf2 Rb1 35. Ke2 Kg7 36. Kd3 a5 37. Kc4 Ra1 38. Kb5 1-0

[Event "FINAL MISTRZOSTW POLSKI JUNIOROW 2018 - GRUPA  D18"]
[Site "Jastrzebia Gora"]
[Date "1899-12-30"]
[Round "8.11"]
[White "Gredka, Dominika"]
[Black "Stebel, Agata"]
[Result "0-1"]
[WhiteTitle "I++"]
[BlackTitle "k"]
[WhiteElo "1725"]
[BlackElo "1837"]

1. e4 c5 2. Nf3 Nc6 3. d4 cxd4 4. Nxd4 Nf6 5. Nc3 e5 6. Ndb5 d6 7. Bg5 a6 8. Na3
b5 9. Nd5 Be7 10. Bxf6 Bxf6 11. c4 b4 12. Nc2 a5 13. g3 O-O 14. h4 Rb8 15. b3
Be6 16. Qd3 Bxd5 17. cxd5 Na7 18. Bh3 Nb5 19. O-O g6 20. Rac1 Bg7 21. Kh2 Nc3
22. a3 f5 23. f3 f4 24. axb4 fxg3+ 25. Kxg3 Na2 26. Ra1 Nxb4 27. Nxb4 Rxb4 28.
Ra4 Bf6 29. Be6+ Kh8 30. Rh1 Rb7 31. Qc3 Qb8 32. Qxa5 Rxb3 33. Ra3 Bd8 34. Rxb3
Qxb3 35. Qe1 Qxf3+ 36. Kh2 Bxh4 0-1

[Event "FINAL MISTRZOSTW POLSKI JUNIOROW 2018 - GRUPA  D18"]
[Site "Jastrzebia Gora"]
[Date "1899-12-30"]
[Round "8.12"]
[White "Winter, Anna"]
[Black "Borkowska, Zuzanna"]
[Result "0-1"]
[WhiteTitle "I++"]
[BlackTitle "I+"]
[WhiteElo "1435"]
[BlackElo "1665"]

1. e4 c5 2. Nf3 Nc6 3. Bb5 g6 4. Bxc6 bxc6 5. O-O Bg7 6. Re1 Nf6 7. e5 Nd5 8. d3
O-O 9. Nbd2 d6 10. Nc4 Ba6 11. Nfd2 Qc7 12. Ne4 dxe5 13. Nxc5 Bxc4 14. dxc4 Nb6
15. Qe2 e6 16. Bd2 Rfe8 17. Bc3 Rad8 18. b3 Qe7 19. Ne4 f5 20. Ng3 e4 21. Bxg7
Kxg7 22. Rad1 h5 23. c3 h4 24. Nf1 Nd7 25. f3 Ne5 26. Rxd8 Rxd8 27. fxe4 Nd3 28.
Rd1 Nf4 29. Qe1 Qg5 30. Ne3 Nxg2 31. Nxg2 h3 0-1

[Event "FINAL MISTRZOSTW POLSKI JUNIOROW 2018 - GRUPA  D18"]
[Site "Jastrzebia Gora"]
[Date "1899-12-30"]
[Round "8.13"]
[White "Zamarska, Sylwia"]
[Black "Daliga, Anita"]
[Result "1/2-1/2"]
[WhiteTitle "I++"]
[BlackTitle "I+"]
[WhiteElo "1623"]
[BlackElo "1634"]

1. d4 d5 2. Bf4 Nf6 3. e3 Bf5 4. c4 e6 5. Nf3 c6 6. Qb3 Qa5+ 7. Nbd2 Qb4 8. c5
Qxb3 9. axb3 Nbd7 10. h3 Ne4 11. b4 Nxd2 12. Nxd2 f6 13. Nb3 e5 14. Bh2 g5 15.
Na5 Rb8 16. f4 gxf4 17. exf4 Bg7 18. Kf2 Kf7 19. Re1 Be4 20. Rg1 Rhc8 21. b5 exd4
22. Nc4 dxc4 23. Rxe4 cxb5 24. Rxd4 Nxc5 25. f5 Ra8 26. Rd5 Bf8 27. g4 Rd8 28.
Bg2 Nd3+ 29. Ke2 Re8+ 30. Kd2 Bb4+ 31. Kd1 Nxb2+ 32. Kc2 Re2+ 33. Kb1 Rae8 34.
Rxb5 a5 35. Rxb7+ Kf8 36. Rxh7 c3 37. Rh8+ Ke7 38. Rxe8+ Kxe8 39. Bc6+ Kf8 40.
Rg2 Re1+ 41. Ka2 Nc4 42. Bg3 Rc1 43. Bf4 Nd2 44. Ba4 Rh1 45. Rh2 Rf1 46. Bh6+
Kg8 47. Re2 Kh7 48. Be3 Rf3 49. Bd4 Kg7 50. Re3 Rf4 51. Rd3 Rf3 52. Rxf3 Nxf3
53. Bf2 Ng5 54. h4 Ne4 55. Be3 Nd6 56. Kb3 Nf7 57. Bb5 Nd6 58. Bd3 Nf7 59. Bd4
Nh6 60. Be2 Ng8 61. Bxc3 Bxc3 62. Kxc3 Ne7 63. Bf3 Nc8 64. Kc4 Nd6+ 65. Kc5 Nf7
66. Kb5 Nd6+ 67. Kxa5 Nc4+ 68. Kb4 Ne5 69. Be2 Kf7 70. Kc5 Ke7 71. Kd5 Nf7 72.
Ke4 Kf8 73. Kf4 Kg7 74. g5 Ne5 75. Bd1 Nd3+ 76. Ke3 Ne5 77. Bb3 Nd7 78. Ba2 Ne5
79. Ke4 Nd7 80. Kf4 Nc5 81. Kg4 Nd3 82. Bb1 Ne5+ 83. Kh5 Nd7 84. Kg4 Ne5+ 85.
Kf4 Nd7 86. h5 Nf8 87. h6+ Kh7 88. Bd3 Nd7 89. Bb5 Nc5 90. Bc6 Nd3+ 91. Ke4 Nb4
92. Bb5 fxg5 93. f6 Kxh6 94. Bc4 Kg6 95. f7 Kg7 1/2-1/2

[Event "FINAL MISTRZOSTW POLSKI JUNIOROW 2018 - GRUPA  D18"]
[Site "Jastrzebia Gora"]
[Date "1899-12-30"]
[Round "8.14"]
[White "Pedrak, Paulina"]
[Black "Tkaczyk, Weronika"]
[Result "0-1"]
[WhiteTitle "I"]
[BlackTitle "I++"]
[WhiteElo "1446"]
[BlackElo "1500"]

1. e4 e5 2. Nf3 Nc6 3. Bb5 a6 4. Ba4 Nf6 5. O-O b5 6. Bb3 Be7 7. Re1 O-O 8. d4
Nxd4 9. Bxf7+ Rxf7 10. Nxe5 Nc6 11. Nxf7 Kxf7 12. e5 Nxe5 13. Rxe5 Bd6 14. Rf5
Bb7 15. Bg5 Qe8 16. Nc3 Qe6 17. Qh5+ Kg8 18. Bxf6 g6 19. Rg5 Qxf6 20. Rg4 Re8
21. Qg5 Qe6 22. f3 Kg7 23. Ne4 Be5 24. Nc5 Qb6 25. c3 Qxc5+ 26. Kh1 Qf2 27. Rd1
Bd6 28. h3 Re1+ 0-1

[Event "FINAL MISTRZOSTW POLSKI JUNIOROW 2018 - GRUPA  D18"]
[Site "Jastrzebia Gora"]
[Date "1899-12-30"]
[Round "8.15"]
[White "Surpeta, Julia"]
[Black "Jurkiewicz, Zuzanna"]
[Result "1-0"]
[WhiteTitle "I"]
[BlackTitle "I++"]
[WhiteElo "1590"]
[BlackElo "1534"]

1. Nf3 d5 2. g3 c5 3. Bg2 Nc6 4. c4 d4 5. d3 e5 6. O-O Bd6 7. a3 Nf6 8. b4 cxb4
9. axb4 Nxb4 10. Bd2 Nc6 11. Qc2 Bc5 12. Qa4 O-O 13. Qb5 Qd6 14. Bg5 Nd7 15. Nbd2
f5 16. Nb3 a6 17. Qa4 h6 18. Bd2 Nb6 19. Qa2 Bd7 20. Rfb1 Rfe8 21. Ne1 e4 22.
Nc2 e3 23. fxe3 dxe3 24. Bc3 Qf8 25. Nxc5 Qxc5 26. d4 Qxc4 27. Rxb6 Qxa2 28. Rxa2
Rac8 29. Rxb7 Be6 30. Rab2 Nd8 31. R7b3 Bxb3 32. Rxb3 a5 33. Ne1 a4 34. Ra3 Ne6
35. Nd3 Red8 36. d5 Ng5 37. Bd4 Ne4 38. Bxe3 Rxd5 39. Rxa4 Rc2 40. Bxe4 fxe4 41.
Nf4 Rf5 42. Ra7 Rf7 43. Bd4 Rf8 44. Ra6 Rc4 45. Rd6 Rf7 46. Ng6 Kh7 47. Ne5 Rc1+
48. Kg2 Re7 49. e3 Rec7 50. Nd7 R7c2+ 51. Kh3 Rh1 52. Nf8+ Kg8 53. Ne6 h5 54.
Kh4 Rhxh2+ 55. Kg5 Rcg2 56. Nxg7 Rxg3+ 57. Kh6 Rgh3 58. Rd8+ Kf7 59. Rd7+ Kg8
60. Bc5 1-0